000 00307nam a22001337a 4500
008 180302b xxu||||| |||| 00| 0 eng d
020 _a0256020634
041 _aeng
080 _a159.9
100 _a49
101 _asoc
245 _ahuman responses to social problem
_cstephan.sc
942 _2udc
_cBK
999 _c43995
_d43995